[Event "Frankfurt Ch 2013"]
[Site "Ffm-Kalbach, LAZ"]
[Date "2013.05.06"]
[Round "2.1"]
[White "Benninger, Rudolf"]
[Black "Khenkin, Igor"]
[Result "0-1"]
[WhiteElo "1991"]
[BlackElo "2574"]
[PlyCount "0"]
[EventDate "2013.??.??"]
[WhiteTeam "SC Heusenstamm"]
[BlackTeam "Wiesbadener SV 1885"]

 1. e4 c6 2. d4 d5 3. e5 c5 4. c4 cxd4 5. Qxd4 Nc6 6. Qxd5
Qc7 7. Nf3 Bf5 8. Nc3 e6 9. Qb5 O-O-O 10. a3 a6 11. Qa4 Nxe5 12. Nxe5 Qxe5+ 13.
Be3 Nf6 14. Be2 Ne4 15. O-O Nxc3 16. bxc3 Bd6 17. g3 Qe4 18. Rfd1 Qc2 19. Qxc2
Bxc2 20. Rd2 Be4 21. c5 Bc7 22. Rad1 Rxd2 23. Rxd2 Rd8 24. Rd4 Bc6 25. f4 Re8
26. Rd1 e5 27. Bg4+ Kb8 28. fxe5 Bxe5 29. Bd4 Kc7 30. Kf2 f6 31. Be2 g6 32. Bc4
Re7 33. Re1 Kd8 34. Re3 Ke8 35. Be2 Kf7 36. Bc4+ Kg7 37. h4 h5 38. Ba2 Kh6 39.
Bc4 Re8 40. Bf7 Rd8 41. Rd3 Kg7 42. Bb3 Rd7 43. Be6 Re7 44. Ba2 g5 45. Re3 g4
46. Bc4 Re8 47. Bd3 Rd8 48. Be4 Bxd4 49. cxd4 Rxd4 50. Bxc6 bxc6 51. Re6 Rd2+
52. Kf1 Ra2 0-1

[Event "Frankfurt Ch 2013"]
[Site "Ffm-Kalbach, LAZ"]
[Date "2013.05.06"]
[Round "2.2"]
[White "Milov, Leonid"]
[Black "Willems, Matthias"]
[Result "1-0"]
[WhiteElo "2538"]
[BlackElo "1970"]
[PlyCount "57"]
[EventDate "2013.??.??"]
[WhiteTeam "SC NT Nürnberg 1873"]
[BlackTeam "SC Bad Nauheim"]

1. e4 d6 2. d4 Nf6 3. Nc3 g6 4. f4 Bg7 5. Nf3 c5 6. dxc5 Qa5 7. Qd4 dxc5 8. Qc4
O-O 9. e5 Be6 10. Qa4 Qxa4 11. Nxa4 Ne4 12. Bd3 Bd5 13. c4 Bc6 14. Bxe4 Bxe4
15. Nxc5 Bxf3 16. gxf3 Rc8 17. Be3 b6 18. Nd3 Rxc4 19. Kd2 Nd7 20. Rhc1 Rac8
21. Rxc4 Rxc4 22. a4 Rc7 23. a5 bxa5 24. Rxa5 Bh6 25. Bxa7 Nxe5 26. Nxe5 Bxf4+
27. Be3 Bxh2 28. Ra8+ Kg7 29. Ng4 1-0

[Event "Frankfurt Ch 2013"]
[Site "Ffm-Kalbach, LAZ"]
[Date "2013.05.06"]
[Round "2.3"]
[White "Schmitt, Roland"]
[Black "Telljohann, Sven"]
[Result "1-0"]
[WhiteElo "1934"]
[BlackElo "2391"]
[PlyCount "49"]
[EventDate "2013.??.??"]
[WhiteTeam "SK Großsachsen"]
[BlackTeam "Sfr. Schöneck"]

1. d4 c5 2. d5 g6 3. c4 Bg7 4. Nf3 d6 5. h3 Nf6 6. Nc3 O-O 7. e4 e6 8. Bd3 exd5
9. cxd5 b6 10. O-O Ba6 11. Re1 Qc8 12. Bf4 Rd8 13. e5 dxe5 14. Nxe5 c4 15. Be2
b5 16. d6 Nbd7 17. Bf3 Nxe5 18. Bxe5 Bb7 19. Bxb7 Qxb7 20. Qd4 Qb6 21. Qxb6
axb6 22. Nxb5 Rd7 23. Rac1 Ra5 24. Rxc4 Rd8 25. a4 1-0

[Event "Frankfurt Ch 2013"]
[Site "Ffm-Kalbach, LAZ"]
[Date "2013.05.06"]
[Round "2.4"]
[White "Solonar, Stefan"]
[Black "Böhle, Reinhard"]
[Result "1-0"]
[WhiteElo "2290"]
[BlackElo "1966"]
[PlyCount "89"]
[EventDate "2013.??.??"]
[WhiteTeam "SC Heusenstamm"]
[BlackTeam "SV Maintal 1934"]

1. Nf3 b5 2. e4 a6 3. d4 Bb7 4. Bd3 e6 5. O-O Nf6 6. e5 Nd5 7. c3 Be7 8. Qc2 c5
9. dxc5 Bxc5 10. Re1 Nc6 11. Bxh7 Rc8 12. Be4 Nce7 13. Nbd2 Ba7 14. Nf1 Qc7 15.
a3 a5 16. Qe2 Bc6 17. Ng3 f5 18. exf6 gxf6 19. Nd4 Bxd4 20. cxd4 f5 21. Bf3 Nf4
22. Bxf4 Qxf4 23. Bxc6 Nxc6 24. Rac1 Ke7 25. Qe3 Qxe3 26. fxe3 f4 27. exf4 Nxd4
28. Rcd1 Nc2 29. Re2 b4 30. Nf5+ Kf6 31. Nd6 Rc6 32. a4 Ke7 33. f5 Rf8 34. fxe6
Rxd6 35. exd7+ Kxd7 36. Rxd6+ Kxd6 37. Rxc2 Kd5 38. g4 Kd4 39. g5 Kd3 40. Rg2
Rc8 41. g6 Ke3 42. h4 Rc1+ 43. Kh2 Rc4 44. g7 Rxh4+ 45. Kg1 1-0

[Event "Frankfurt Ch 2013"]
[Site "Ffm-Kalbach, LAZ"]
[Date "2013.05.06"]
[Round "2.5"]
[White "Legde, Georg"]
[Black "Göbel, Andreas"]
[Result "1-0"]
[WhiteElo "2286"]
[BlackElo "1932"]
[PlyCount "65"]
[EventDate "2013.??.??"]
[WhiteTeam "SK 1858 Gießen"]
[BlackTeam "SC Brett vor'm Kopp Ffm"]

1. d4 d5 2. c4 e6 3. Nf3 c6 4. Qc2 f5 5. g3 Nf6 6. Bg2 Be7 7. O-O O-O 8. Bg5
Ne4 9. Bxe7 Qxe7 10. Nc3 Nd7 11. Rab1 g5 12. e3 g4 13. Ne1 Qg5 14. Nd3 Rf6 15.
Nf4 Rh6 16. Rfc1 Ndf6 17. b4 Nh5 18. Nce2 Bd7 19. Nd3 Rf8 20. b5 Nhxg3 21. hxg3
Qh5 22. Nef4 Qh2+ 23. Kf1 Rh3 24. Nxh3 gxh3 25. Bf3 Be8 26. bxc6 bxc6 27. Nf4
Ng5 28. Ke2 Ne4 29. Bxe4 fxe4 30. Rf1 Rxf4 31. gxf4 Bh5+ 32. Kd2 Bf3 33. cxd5
1-0

[Event "Frankfurt Ch 2013"]
[Site "Ffm-Kalbach, LAZ"]
[Date "2013.05.06"]
[Round "2.6"]
[White "Ochmann, Reimund"]
[Black "Isserman, Ryhor"]
[Result "0-1"]
[WhiteElo "1932"]
[BlackElo "2258"]
[PlyCount "48"]
[EventDate "2013.??.??"]
[WhiteTeam "SK Langen"]
[BlackTeam "SK Bad Homburg 1927"]

1. e4 d6 2. d4 Nf6 3. Nc3 g6 4. f4 Bg7 5. Nf3 O-O 6. Be2 c5 7. d5 b5 8. e5 dxe5
9. fxe5 Ng4 10. Bf4 Nd7 11. e6 fxe6 12. Ng5 Rxf4 13. Nxe6 Qa5 14. Nxg7 Rd4 15.
Qc1 Kxg7 16. O-O Ndf6 17. Nxb5 Qd2 18. Bf3 Ba6 19. Nxd4 Qxd4+ 20. Kh1 Bxf1 21.
Qxf1 Nf2+ 22. Kg1 N6e4 23. h3 Nxh3+ 24. Kh2 Qe5+ 0-1

[Event "Frankfurt Ch 2013"]
[Site "Ffm-Kalbach, LAZ"]
[Date "2013.05.06"]
[Round "2.7"]
[White "Stockmann, Michael"]
[Black "Pauly, Markus"]
[Result "1-0"]
[WhiteElo "2256"]
[BlackElo "1930"]
[PlyCount "61"]
[EventDate "2013.??.??"]
[WhiteTeam "Sfr. Schöneck"]
[BlackTeam "Sfr.Erbach"]

1. d4 g6 2. Nf3 Bg7 3. g3 Nf6 4. c4 d6 5. Bg2 O-O 6. O-O Nbd7 7. Nc3 e5 8. h3
exd4 9. Nxd4 Re8 10. b3 a6 11. Bb2 Rb8 12. Re1 Qe7 13. Qd2 c5 14. Nc2 b5 15.
Ne3 Bb7 16. Bxb7 Rxb7 17. cxb5 axb5 18. Ncd5 Nxd5 19. Nxd5 Qf8 20. Rad1 Bxb2
21. Qxb2 Qg7 22. Qa3 Qe5 23. Rd3 Reb8 24. Red1 Qxe2 25. Nf4 Qe7 26. Rxd6 c4 27.
bxc4 Ne5 28. Nd5 Qf8 29. Nf6+ Kh8 30. Qc3 Re7 31. f4 1-0

[Event "Frankfurt Ch 2013"]
[Site "Ffm-Kalbach, LAZ"]
[Date "2013.05.06"]
[Round "2.8"]
[White "Seickel, Ralf"]
[Black "Uwira, Oliver"]
[Result "0-1"]
[WhiteElo "1921"]
[BlackElo "2201"]
[PlyCount "126"]
[EventDate "2013.??.??"]
[WhiteTeam "vereinslos"]
[BlackTeam "SC 1961 König Nied"]

1. d4 Nf6 2. c4 c5 3. d5 b5 4. cxb5 a6 5. bxa6 g6 6. Nc3 Bxa6 7. e4 Bxf1 8.
Kxf1 d6 9. g3 Bg7 10. Nf3 Nbd7 11. Kg2 O-O 12. a4 Qb6 13. Qe2 Rfb8 14. Nb5 Ng4
15. h3 Nge5 16. Nxe5 Nxe5 17. f4 Nd7 18. Ra2 Qa6 19. Ra3 Qb7 20. Kh2 c4 21.
Qxc4 Nb6 22. Qc7 Rxa4 23. Qxb7 Rxb7 24. Re1 Rxa3 25. Nxa3 f5 26. exf5 gxf5 27.
Rd1 Na4 28. Nc4 Kf7 29. Be3 Rb4 30. b3 Rxb3 31. Bd4 Rb4 32. Bxg7 Rxc4 33. Bd4
Rc2+ 34. Kg1 h5 35. Ra1 Nc5 36. Bxc5 dxc5 37. Rd1 c4 38. d6 exd6 39. Rxd6 c3
40. Rc6 Ke7 41. Kf1 Kd7 42. Rc4 Kd6 43. Ke1 Kd5 44. Rc8 Ke4 45. Kd1 Rd2+ 46.
Kc1 Rd3 47. Re8+ Kf3 48. Re5 Kxg3 49. Rxf5 h4 50. Rg5+ Kxh3 51. Kc2 Rg3 52. Rc5
Kg4 53. f5 Rf3 54. Rc4+ Kg5 55. Rc8 Kxf5 56. Rf8+ Kg4 57. Rg8+ Kh3 58. Rg7 Kh2
59. Rh7 h3 60. Rh6 Kg2 61. Rg6+ Rg3 62. Re6 h2 63. Re2+ Kh3 0-1

[Event "Frankfurt Ch 2013"]
[Site "Ffm-Kalbach, LAZ"]
[Date "2013.05.06"]
[Round "2.9"]
[White "Holvason, Juri"]
[Black "Roggensack, Hans Peter"]
[Result "1/2-1/2"]
[WhiteElo "2200"]
[BlackElo "1924"]
[PlyCount "152"]
[EventDate "2013.??.??"]
[WhiteTeam "SC Brett vor'm Kopp Ffm"]
[BlackTeam "Sfr. Frankfurt 1921"]

1. c4 c6 2. Nf3 d5 3. g3 Nf6 4. Bg2 Bg4 5. O-O e6 6. d4 Be7 7. Nc3 O-O 8. Bf4
Nbd7 9. Nd2 Qb6 10. cxd5 Nxd5 11. Nxd5 cxd5 12. Qa4 Nb8 13. f3 Bh5 14. Be3 Nc6
15. Nb3 Qb4 16. Qxb4 Nxb4 17. Bf2 Rac8 18. a3 Nc6 19. Rac1 b6 20. Rc3 a5 21.
Rfc1 Na7 22. Rc7 Bg5 23. e3 Rxc7 24. Rxc7 Nb5 25. Rc6 Bd8 26. g4 Bg6 27. Bg3
Bd3 28. Rc1 a4 29. Nd2 Bg5 30. Kf2 Ra8 31. h4 Bd8 32. Bf1 Bxf1 33. Kxf1 Na7 34.
Nb1 Kf8 35. Ke2 Ke7 36. Kd3 Kd7 37. e4 Nb5 38. Re1 dxe4+ 39. fxe4 Rc8 40. Nc3
Nxc3 41. bxc3 b5 42. Rf1 Ba5 43. Be1 f6 44. Bd2 Bc7 45. g5 Ke7 46. Rg1 f5 47.
Rf1 g6 48. h5 Bd6 49. Bc1 fxe4+ 50. Kc2 e5 51. Re1 Ke6 52. Rxe4 Kd5 53. Rh4 e4
54. hxg6 hxg6 55. Rh6 Rg8 56. Rh7 Ke6 57. Rb7 Rb8 58. Rg7 Rf8 59. Rxg6+ Kd5 60.
Be3 Bxa3 61. Rb6 Kc4 62. Re6 b4 63. Rc6+ Kb5 64. Rc5+ Kb6 65. cxb4 Bxb4 66. Re5
Rc8+ 67. Kb1 Rc3 68. Rxe4 Rb3+ 69. Kc2 Rc3+ 70. Kd1 a3 71. d5+ Kb5 72. Bc1 a2
73. Bb2 Rd3+ 74. Kc2 Rxd5 75. Re5 Rxe5 76. Bxe5 Kc4 1/2-1/2

[Event "Frankfurt Ch 2013"]
[Site "Ffm-Kalbach, LAZ"]
[Date "2013.05.06"]
[Round "2.10"]
[White "Braunberger, Gerald"]
[Black "Rolle, Eric"]
[Result "0-1"]
[WhiteElo "1883"]
[BlackElo "2187"]
[PlyCount "120"]
[EventDate "2013.??.??"]
[WhiteTeam "SK Bad Homburg 1927"]
[BlackTeam "SK Marburg 1931/72"]

1. Nf3 Nf6 2. c4 e6 3. Nc3 c5 4. e3 Be7 5. d4 O-O 6. Bd3 d5 7. O-O Nc6 8. a3 b6
9. Qa4 Bb7 10. Rd1 Qb8 11. cxd5 exd5 12. Bd2 c4 13. Be2 a6 14. Qc2 b5 15. Be1
Re8 16. Nd2 Bd6 17. h3 Ne7 18. Bf3 Ng6 19. e4 dxe4 20. Ndxe4 Nxe4 21. Bxe4 Bf8
22. Bd2 Bxe4 23. Nxe4 Qb7 24. Ng5 Qd5 25. Nf3 Bd6 26. Re1 Nf4 27. Bxf4 Bxf4 28.
Rad1 g6 29. Re2 a5 30. Rde1 Rxe2 31. Qxe2 b4 32. axb4 axb4 33. g3 Bh6 34. Qd1
Qf5 35. Kg2 c3 36. bxc3 bxc3 37. Re2 Rc8 38. Qc2 Qb5 39. Ne1 Bd2 40. Rxd2 Qb7+
41. Nf3 cxd2 42. Qxd2 Qe4 43. Qe3 Qxe3 44. fxe3 Rc2+ 45. Kf1 f6 46. Ng1 Rh2 47.
h4 Kf7 48. Ne2 Ke6 49. Nf4+ Kf5 50. Ng2 Rh1+ 51. Kf2 Ke4 52. Ne1 Rh2+ 53. Ng2
Rh1 54. Ne1 g5 55. hxg5 fxg5 56. Ng2 h5 57. Ne1 g4 58. Ng2 Ra1 59. Nf4 Ra2+ 60.
Ne2 Rb2 0-1

[Event "Frankfurt Ch 2013"]
[Site "Ffm-Kalbach, LAZ"]
[Date "2013.05.06"]
[Round "2.11"]
[White "Gutacker, Stephan"]
[Black "Minor, Samuel"]
[Result "1-0"]
[WhiteElo "1873"]
[BlackElo "2174"]
[PlyCount "63"]
[EventDate "2013.??.??"]
[WhiteTeam "Sfr.1932 Kelkheim"]
[BlackTeam "Wiesbadener SV 1885"]

1. e4 c5 2. c3 Qa5 3. Nf3 Nc6 4. Na3 e6 5. Nc4 Qc7 6. d4 d5 7. exd5 exd5 8.
Nce5 Bd6 9. Bb5 cxd4 10. Bxc6+ bxc6 11. cxd4 Ba6 12. Bd2 Rb8 13. Bc3 Nh6 14.
Qc2 f6 15. Nd3 Qe7+ 16. Kd2 O-O 17. Rae1 Qf7 18. g3 Qh5 19. Nh4 g5 20. Ng2 Qf3
21. Ne3 f5 22. Qd1 Qe4 23. Nc4 Bxc4 24. Rxe4 fxe4 25. Qh5 Rf6 26. Ne5 Rxf2+ 27.
Ke1 Re2+ 28. Kd1 Bxe5 29. dxe5 Rbxb2 30. Qxg5+ Kf7 31. e6+ Kxe6 32. Qf6+ 1-0

[Event "Frankfurt Ch 2013"]
[Site "Ffm-Kalbach, LAZ"]
[Date "2013.05.06"]
[Round "2.12"]
[White "Kayser, Felix"]
[Black "Klyszcz, Michael"]
[Result "1-0"]
[WhiteElo "2158"]
[BlackElo "1895"]
[PlyCount "99"]
[EventDate "2013.??.??"]
[WhiteTeam "Wiesbadener SV 1885"]
[BlackTeam "SG 1871 Löberitz"]

1. e4 c5 2. Nc3 a6 3. a4 Nc6 4. f4 g6 5. Nf3 Bg7 6. Bc4 e6 7. O-O Nge7 8. Qe1
Nd4 9. Nxd4 cxd4 10. Nb1 d5 11. Bd3 dxe4 12. Bxe4 O-O 13. d3 Qc7 14. Na3 Bd7
15. a5 Bc6 16. Nc4 Rad8 17. Bd2 Bxe4 18. Qxe4 Nd5 19. Kh1 Rd7 20. Rfe1 Qc5 21.
Ra3 b5 22. axb6 Nxb6 23. Bb4 Qxb4 24. Rb3 Qc5 25. Rxb6 Ra7 26. Ra1 Rfa8 27. Ra5
Qc7 28. b4 h5 29. Rc5 Qd8 30. Rcc6 Rb8 31. Rd6 Qc7 32. g3 Rxb6 33. Rxb6 Bf6 34.
Kg2 Kg7 35. Kf3 Kh7 36. h3 Bg7 37. g4 hxg4+ 38. hxg4 Kg8 39. g5 Kh7 40. Ke2 Kg8
41. Kf3 Kh7 42. Qc6 Bf8 43. Qxc7 Rxc7 44. Ke4 Rd7 45. Ne5 Rc7 46. Nc6 a5 47.
bxa5 Bc5 48. Ra6 Rd7 49. Ne5 Rc7 50. Rc6 1-0

[Event "Frankfurt Ch 2013"]
[Site "Ffm-Kalbach, LAZ"]
[Date "2013.05.06"]
[Round "2.13"]
[White "Chandler, Patrick"]
[Black "Dürmeier, Roland"]
[Result "1-0"]
[WhiteElo "2145"]
[BlackElo "1891"]
[PlyCount "214"]
[EventDate "2013.??.??"]
[WhiteTeam "Sfr. Schöneck"]
[BlackTeam "SG Wächtersbach/Sotzbach"]

1. e4 Nf6 2. e5 Ng8 3. Nf3 d6 4. Bc4 d5 5. Bb3 Bg4 6. h3 Bh5 7. d4 e6 8. Be3
Ne7 9. g4 Bg6 10. Nbd2 h5 11. Rg1 hxg4 12. hxg4 Nd7 13. c3 a6 14. Qe2 Nc6 15.
O-O-O b5 16. Bc2 Bxc2 17. Kxc2 Nb6 18. b3 Qe7 19. Kb1 Rb8 20. Ne1 Nc4 21. Ka1
Nxe3 22. fxe3 a5 23. Nef3 Qd7 24. e4 Ne7 25. g5 Ng6 26. Qe3 c6 27. Rh1 Rxh1 28.
Rxh1 b4 29. c4 a4 30. exd5 exd5 31. Re1 Qe6 32. Kb2 axb3 33. axb3 Be7 34. Ra1
Qf5 35. Ra6 Nf4 36. e6 Nd3+ 37. Ka1 fxe6 38. cxd5 cxd5 39. Qxe6 Qxe6 40. Rxe6
Rc8 41. Re3 Rc1+ 42. Nb1 Nf4 43. Kb2 Rf1 44. Nbd2 Rf2 45. Kc2 Kf8 46. Re5 Bd6
47. Re1 Rg2 48. Ra1 Nh3 49. Ra8+ Ke7 50. Ra7+ Ke6 51. Rxg7 Bf4 52. Kd1 Bxd2 53.
Rg6+ Ke7 54. Nxd2 Nxg5 55. Nf3 Nxf3 56. Rxg2 Nxd4 57. Rb2 Kd6 58. Kd2 Nb5 59.
Kd3 Nc3 60. Rh2 Kc5 61. Rh8 Nb5 62. Rc8+ Kd6 63. Ke3 Nc7 64. Rb8 Kc5 65. Kf4
Ne6+ 66. Ke5 Nd4 67. Rc8+ Nc6+ 68. Kf4 Kb5 69. Ke3 Na5 70. Kd4 Nxb3+ 71. Kxd5
Nd2 72. Kd4 Nb3+ 73. Kd5 Nd2 74. Rb8+ Ka4 75. Kc5 Nb3+ 76. Kc4 Na5+ 77. Kd3 Kb3
78. Rc8 Nb7 79. Kd2 Na5 80. Kc1 Nc4 81. Rh8 Ne5 82. Rh3+ Kc4 83. Kc2 Nc6 84.
Rh4+ Nd4+ 85. Kb2 Kc5 86. Rh8 Kc4 87. Rb8 Kc5 88. Kc1 Kc4 89. Kd2 Nb3+ 90. Kc2
Nd4+ 91. Kb2 Kc5 92. Rc8+ Kb5 93. Kc1 b3 94. Kd2 Kb4 95. Kd3 Nc2 96. Rb8+ Kc5
97. Kc3 Ne3 98. Rxb3 Nd5+ 99. Kd3 Kd6 100. Kd4 Nc7 101. Rb6+ Kd7 102. Ke5 Na8
103. Rh6 Nc7 104. Rd6+ Kc8 105. Rd1 Kb7 106. Kd6 Nb5+ 107. Kc5 Nc7 1-0

[Event "Frankfurt Ch 2013"]
[Site "Ffm-Kalbach, LAZ"]
[Date "2013.05.06"]
[Round "2.14"]
[White "Zimpfer, Andreas"]
[Black "Hristovski, Srdzan"]
[Result "1/2-1/2"]
[WhiteElo "1837"]
[BlackElo "2136"]
[PlyCount "110"]
[EventDate "2013.??.??"]
[WhiteTeam "SC Butzbach 2000"]
[BlackTeam "Kumanovo"]

1. d4 d5 2. c4 e6 3. Nc3 Nf6 4. cxd5 exd5 5. Bg5 Nbd7 6. e3 c6 7. Bd3 Be7 8.
Nge2 O-O 9. O-O Re8 10. Qc2 Nf8 11. Rfe1 Ng4 12. Bxe7 Qxe7 13. Ng3 Qh4 14. Nf1
Re6 15. f3 Nf6 16. Ne2 Ng6 17. b4 Bd7 18. a4 Rae8 19. b5 Nh5 20. Bf5 R6e7 21.
Bxd7 Rxd7 22. bxc6 bxc6 23. Qxc6 Qd8 24. Rec1 Nf6 25. Rc5 Ne7 26. Qb5 Nf5 27.
Rac1 Qe7 28. Nf4 Red8 29. Qb3 g5 30. Nd3 Rb7 31. Rb5 Rxb5 32. axb5 g4 33. Ne5
gxf3 34. gxf3 Ne8 35. Rc2 Nh4 36. Kh1 Qe6 37. Ng3 Nd6 38. Rc7 Qh3 39. Qc2 Ndf5
40. Qf2 Nxe3 41. Nh5 Qf5 42. Qxe3 Qxh5 43. Nxf7 Nxf3 44. Qf4 Qg6 45. Qxf3 Rf8
46. Qxd5 Rxf7 47. Qxf7+ Qxf7 48. Rxf7 Kxf7 49. Kg2 Ke6 50. Kf3 Kd5 51. Ke3 Kc4
52. Ke4 Kxb5 53. d5 a5 54. Ke5 a4 55. d6 a3 1/2-1/2

[Event "Frankfurt Ch 2013"]
[Site "Ffm-Kalbach, LAZ"]
[Date "2013.05.06"]
[Round "2.15"]
[White "Schwenkreis, Thomas"]
[Black "Thomele, Michael"]
[Result "1-0"]
[WhiteElo "2128"]
[BlackElo "1828"]
[PlyCount "121"]
[EventDate "2013.??.??"]
[WhiteTeam "SC Brett vor'm Kopp Ffm"]
[BlackTeam "SC 1959 Obernau"]

1. e4 c5 2. Nf3 d6 3. g3 Nc6 4. Bg2 Nf6 5. d3 g6 6. O-O Bg7 7. Nbd2 Bd7 8. c3
Qc8 9. Re1 Bh3 10. Bh1 Bg4 11. Qc2 O-O 12. Nf1 Rb8 13. Ne3 Bd7 14. Bd2 Ng4 15.
Nd5 e6 16. Ne3 Nxe3 17. Bxe3 Ne5 18. Nh4 b5 19. Qe2 a5 20. f4 Nc6 21. Rac1 b4
22. e5 dxe5 23. Bxc5 exf4 24. Bxf8 Qxf8 25. gxf4 Qd6 26. Qf3 Ne7 27. Rc2 Bf6
28. Ng2 Bc6 29. Qh3 Nf5 30. d4 Bd5 31. Ne3 Nxe3 32. Qxe3 Bxa2 33. Rd2 Bc4 34.
Ra1 Rb5 35. Be4 Rh5 36. Kh1 Kg7 37. Rg2 Rb5 38. Qf3 Qc7 39. Rg3 Bd5 40. Bxd5
Rxd5 41. Qe4 Rf5 42. Rf3 h5 43. Kg2 Qc4 44. Rc1 Rd5 45. Qc2 Rf5 46. Rd1 Qc7 47.
Qe4 Qc4 48. Rfd3 Qc7 49. Rf1 Qc4 50. Rff3 Rd5 51. Rd2 Rf5 52. Qe2 Qc7 53. Qe3
Qc4 54. Kh3 Qc7 55. Re2 Qc4 56. Qd3 Qd5 57. Qe4 Qc4 58. Qc2 Qa6 59. c4 Qa7 60.
Rd2 a4 61. Rdd3 {Rest unleserlich!} 1-0

[Event "Frankfurt Ch 2013"]
[Site "Ffm-Kalbach, LAZ"]
[Date "2013.05.06"]
[Round "2.16"]
[White "Kaliski, Erwin"]
[Black "Rolf, Marco"]
[Result "1/2-1/2"]
[WhiteElo "2106"]
[BlackElo "1819"]
[PlyCount "89"]
[EventDate "2013.??.??"]
[WhiteTeam "SC Bad Nauheim"]
[BlackTeam "SK Bad Homburg 1927"]

1. e4 e6 2. d4 d5 3. Nd2 Be7 4. Bd3 Nf6 5. e5 Nfd7 6. f4 c5 7. c3 Nc6 8. Ndf3
cxd4 9. Nxd4 Qb6 10. Ngf3 g5 11. Nxc6 bxc6 12. fxg5 Nc5 13. Nd4 Nxd3+ 14. Qxd3
Ba6 15. Qf3 Rd8 16. Qf2 c5 17. Nb3 d4 18. cxd4 cxd4 19. Bd2 Rd5 20. Kd1 Rxe5
21. Qxd4 Qxd4 22. Nxd4 Bxg5 23. Bc3 Rd5 24. Kc2 Rg8 25. g3 Be7 26. Rad1 Rg6 27.
Nc6 Bc5 28. Rhe1 Rgg5 29. h4 Rgf5 30. g4 Rf2+ 31. Kb3 Rf4 32. Kc2 Rf2+ 33. Kc1
Bd3 34. Rd2 Rxd2 35. Bxd2 Bf2 36. Re5 Rxe5 37. Nxe5 Be2 38. Bg5 Bg3 39. Bf6
Bxe5 40. Bxe5 Bxg4 41. Bf6 Kd7 42. Kd2 Kd6 43. Ke3 Kd5 44. Kf4 h5 45. Bg7
1/2-1/2

[Event "Frankfurt Ch 2013"]
[Site "Ffm-Kalbach, LAZ"]
[Date "2013.05.06"]
[Round "2.17"]
[White "Larem, Peter"]
[Black "Koch, Markus"]
[Result "1/2-1/2"]
[WhiteElo "1826"]
[BlackElo "2105"]
[PlyCount "77"]
[EventDate "2013.??.??"]
[WhiteTeam "SSG Rödermark/Eppertshausen"]
[BlackTeam "SC Brett vor'm Kopp Ffm"]

1. e4 c5 2. c3 d5 3. exd5 Qxd5 4. d4 e6 5. Nf3 Nf6 6. Be3 cxd4 7. cxd4 Bb4+ 8.
Nc3 O-O 9. Bd3 b6 10. O-O Bxc3 11. bxc3 Ba6 12. Bxa6 Nxa6 13. Qa4 Qb7 14. c4
Rac8 15. Rab1 Nb8 16. Rfc1 Rfd8 17. h3 h6 18. Ne5 Nc6 19. c5 Nd5 20. Nc4 Nxd4
21. Bxd4 Nf4 22. Ne3 Rxd4 23. Qb5 Rd2 24. Rc4 e5 25. c6 Qe7 26. Re4 Rxa2 27.
Rxe5 Qh4 28. Ng4 Ra5 29. Qc4 Rxe5 30. Nxe5 Nxh3+ 31. gxh3 Qxc4 32. Nxc4 Rxc6
33. Ne3 g6 34. Ra1 Rc7 35. Nd5 Rb7 36. Ra6 Kg7 37. Nb4 Rc7 38. Nd5 Rb7 39. Nb4
1/2-1/2

[Event "Frankfurt Ch 2013"]
[Site "Ffm-Kalbach, LAZ"]
[Date "2013.05.06"]
[Round "2.18"]
[White "Rennhack, Peer"]
[Black "Sachse, Günter"]
[Result "0-1"]
[WhiteElo "1819"]
[BlackElo "2058"]
[PlyCount "92"]
[EventDate "2013.??.??"]
[WhiteTeam "Frankfurter TV 1860"]
[BlackTeam "SK Langen"]

1. e4 c5 2. c3 d5 3. e5 d4 4. cxd4 cxd4 5. Qa4+ Nc6 6. Bb5 Bd7 7. Nf3 e6 8. O-O
Bc5 9. Qc4 Bb6 10. d3 Rc8 11. Bg5 Nge7 12. Qb3 h6 13. Bh4 g5 14. Bg3 Nf5 15.
Nbd2 h5 16. h3 a6 17. Bxc6 Bxc6 18. Ne4 Bc7 19. Nf6+ Kf8 20. Qb4+ Kg7 21. Qd2
Rh6 22. Qxg5+ Rg6 23. Nxh5+ Kh8 24. Qxd8+ Bxd8 25. Nf4 Rg7 26. Ne2 Bh4 27. Nd2
Bxg3 28. fxg3 Nxg3 29. Rf2 Nxe2+ 30. Rxe2 Rg3 31. Ne4 Rxd3 32. Nd6 Rg8 33.
Nxf7+ Kh7 34. h4 Kg6 35. Ng5 Bd5 36. Kh2 Kh5 37. Ne4 Kxh4 38. g3+ Rdxg3 39.
Nxg3 Rxg3 40. Rae1 Rh3+ 41. Kg1 Bf3 42. Kf2 Bxe2 43. Rxe2 Kg5 44. Kg2 Re3 45.
Rd2 d3 46. Kf2 Kf4 0-1

[Event "Frankfurt Ch 2013"]
[Site "Ffm-Kalbach, LAZ"]
[Date "2013.05.06"]
[Round "2.19"]
[White "Makilla, Tobias"]
[Black "Marzahn, Heiko"]
[Result "1-0"]
[WhiteElo "1807"]
[BlackElo "2037"]
[PlyCount "98"]
[EventDate "2013.??.??"]
[WhiteTeam "Sfr.1932 Kelkheim"]
[BlackTeam "Sfr.Erbach"]

1. e4 d5 2. exd5 Nf6 3. Nf3 Nxd5 4. d4 Bg4 5. c4 Nb6 6. c5 N6d7 7. Qb3 Bxf3 8.
Qxf3 Nc6 9. Be3 e5 10. Bb5 Qf6 11. Qxf6 Nxf6 12. Bxc6+ bxc6 13. dxe5 Nd7 14. f4
Bxc5 15. Bxc5 Nxc5 16. O-O Rb8 17. b3 Ne6 18. Na3 g6 19. Rac1 Rb6 20. Nc4 Rb5
21. Ne3 Rb6 22. Rc4 Kd7 23. Ng4 Kc8 24. Rd1 Rd8 25. Rxd8+ Kxd8 26. Nf6 h5 27.
g3 Kc8 28. Kf2 Ra6 29. Rc2 Ra5 30. Rd2 Rc5 31. Kf3 Rc3+ 32. Ke4 Rc1 33. Rf2 Ng7
34. Rd2 Ne6 35. Rf2 Ng7 36. Kd3 Rd1+ 37. Kc4 Rc1+ 38. Kb4 Re1 39. Nh7 Ne6 40.
Nf6 Rd1 41. f5 Nd8 42. e6 c5+ 43. Kc3 Nxe6 44. fxe6 fxe6 45. Re2 Rh1 46. Kc4
Rf1 47. Ne4 h4 48. gxh4 Rf4 49. Kxc5 Rxh4 1-0

[Event "Frankfurt Ch 2013"]
[Site "Ffm-Kalbach, LAZ"]
[Date "2013.05.06"]
[Round "2.20"]
[White "Ivkin, Michael"]
[Black "Biegel, Thomas"]
[Result "0-1"]
[WhiteElo "1725"]
[BlackElo "2018"]
[PlyCount "86"]
[EventDate "2013.??.??"]
[WhiteTeam "Wiesbadener SV 1885"]
[BlackTeam "SC Steinbach"]

1. d4 d5 2. c4 c6 3. cxd5 cxd5 4. Bf4 Nf6 5. Nc3 Nc6 6. e3 a6 7. Bd3 Bg4 8.
Nge2 e6 9. O-O Be7 10. f3 Bh5 11. Rc1 O-O 12. Na4 Nd7 13. Qb3 Ra7 14. a3 Bg6
15. Bxg6 hxg6 16. Rc3 Na5 17. Bc7 Nxb3 18. Bxd8 Rxd8 19. Rxb3 b5 20. Nac3 Rc7
21. Nf4 Nb6 22. Nd3 Nc4 23. Nd1 Nd2 24. Rc3 Rxc3 25. Nxc3 Nxf1 26. Kxf1 Rc8 27.
Ke2 Bxa3 28. Nxd5 exd5 29. bxa3 Rc2+ 30. Kf1 Rc3 31. Ke2 Rxa3 32. Nb4 a5 33.
Nxd5 b4 34. Ne7+ Kf8 35. Nc6 Ke8 36. d5 b3 37. Kd3 b2+ 38. Kc2 Rb3 39. Kb1 a4
40. Nd4 Rb6 41. Nc2 g5 42. Na3 Rb3 43. Nc4 a3 0-1

[Event "Frankfurt Ch 2013"]
[Site "Ffm-Kalbach, LAZ"]
[Date "2013.05.06"]
[Round "2.21"]
[White "Calvi, Stefan"]
[Black "Hilbenz, Guntram"]
[Result "1/2-1/2"]
[WhiteElo "2014"]
[BlackElo "1824"]
[PlyCount "104"]
[EventDate "2013.??.??"]
[WhiteTeam "Sfr. Frankfurt 1921"]
[BlackTeam "SC Bad Nauheim"]

1. e4 d6 2. d4 Nf6 3. Bd3 e5 4. c3 d5 5. dxe5 Nxe4 6. Nf3 Nc5 7. Bc2 Be7 8. h3
a5 9. O-O Nba6 10. Nbd2 O-O 11. Re1 c6 12. Nf1 Re8 13. Ng3 g6 14. Be3 Be6 15.
Qd2 f5 16. exf6 Bxf6 17. Ng5 Bf7 18. h4 Ne6 19. Nxf7 Kxf7 20. h5 Qd7 21. Rad1
Ng7 22. hxg6+ hxg6 23. Qd3 Qg4 24. Bb6 Be5 25. Re3 Re6 26. Rf3+ Rf6 27. Rxf6+
Kxf6 28. Bd4 Re8 29. Bxe5+ Rxe5 30. Qd4 Qxd4 31. Rxd4 Ne6 32. Ra4 Re1+ 33. Kh2
Nac5 34. Rxa5 Rc1 35. Bb3 Nxb3 36. axb3 Rc2 37. Ra7 Nd8 38. Ra8 Ke7 39. Ra2
Rxf2 40. Kg1 Rc2 41. Kf1 Kd6 42. Ne2 Rd2 43. Ke1 Rd3 44. Nf4 Rg3 45. Kf2 Rg5
46. Ra8 Ne6 47. Nxe6 Kxe6 48. Rb8 b5 49. Re8+ Kd6 50. b4 Rf5+ 51. Kg3 Kd7 52.
Re2 Rg5+ 1/2-1/2

[Event "Frankfurt Ch 2013"]
[Site "Ffm-Kalbach, LAZ"]
[Date "2013.05.06"]
[Round "2.22"]
[White "Kletzerman, Simon"]
[Black "Holzschuh, Gerald"]
[Result "0-1"]
[WhiteElo "1504"]
[BlackElo "2008"]
[PlyCount "56"]
[EventDate "2013.??.??"]
[WhiteTeam "TuS Makkabi Ffm"]
[BlackTeam "SC Bad Nauheim"]

1. e4 c5 2. Nf3 b6 3. Be2 Bb7 4. d3 e6 5. O-O Be7 6. Bf4 d6 7. Nbd2 Nc6 8. c3
Nf6 9. Qc2 Rc8 10. Rad1 O-O 11. Qb1 e5 12. Be3 Ng4 13. Ne1 Nxe3 14. fxe3 Bg5
15. Nc2 Ne7 16. Bg4 Rc7 17. Nf3 Bh6 18. c4 g6 19. Rd2 Qe8 20. b3 f5 21. exf5
gxf5 22. Bh3 Qh5 23. Qe1 Ng6 24. Rdf2 Rg7 25. e4 Nf4 26. Bxf5 Rxf5 27. exf5
Bxf3 28. Rxf3 Rxg2+ 0-1